[Event "Titled Tuesday intern op 01st June"]
[Site "Chess.com INT"]
[Date "2021.06.01"]
[Round "4"]
[White "Moroni, Luca Jr"]
[Black "Viswanadha, Kesav"]
[Result "0-1"]
[WhiteElo "2546"]
[BlackElo "2367"]
[PlyCount "124"]
[EventDate "2021.06.01"]
[EventType "swiss (blitz)"]
[EventRounds "11"]
[EventCountry "USA"]
[SourceTitle "CBM 202 Extra"]
[Source "ChessBase"]
[SourceDate "2021.07.31"]
[SourceVersion "1"]
[SourceVersionDate "2021.07.31"]
[SourceQuality "1"]

1. d4 Nf6 2. c4 e6 3. Nc3 Bb4 4. Nf3 c5 5. g3 cxd4 6. Nxd4 0-0 7. Bg2 Nc6 8. 0-0 a6 9. Nc2 Be7 10. b3 Qc7 11. Bb2 b6 12. Rc1 Bb7 13. e4 Rac8 14. h3 Qb8 15. f4 d6 16. Ne3 b5 17. Kh2 Qa7 18. Qd2 bxc4 19. Nxc4 Rfd8 20. Rfd1 h6 21. Qe1 Ne8 22. Qe2 Nc7 23. Qg4 Bf8 24. Nxd6 Rxd6 25. Rxd6 h5 26. Qd1 Bxd6 27. Qxd6 Qf2 28. Nd1 Qe2 29. Ba1 Nb5 30. Qc5 Rd8 31. Nc3 Qd2 32. Rd1 Qxd1 33. Nxd1 Rxd1 34. Qc2 Rd7 35. a4 Nbd4 36. Bxd4 Nxd4 37. Qb2 f6 38. b4 e5 39. fxe5 fxe5 40. b5 axb5 41. axb5 Rc7 42. Qa2+ Kh7 43. h4 Rc2 44. Qf7 Bxe4 45. Qxh5+ Kg8 46. Qe8+ Kh7 47. Qh5+ Kg8 48. Qxe5 Nf3+ 49. Kh3 Nxe5 50. Bxe4 Rb2 51. Bd5+ Kf8 52. h5 Rxb5 53. Be6 Nf3 54. Kg2 Ng5 55. Bg4 Rb2+ 56. Kf1 Kg8 57. Bf5 Kh8 58. g4 Nf7 59. Ke1 Nh6 60. Be6 Rb4 61. Kf2 Nxg4+ 62. Kg3 Nf6 0-1

[Event "Titled Tuesday intern op 01st June"]
[Site "Chess.com INT"]
[Date "2021.06.01"]
[Round "6"]
[White "Viswanadha, Kesav"]
[Black "Kosteniuk, Alexandra"]
[Result "1/2-1/2"]
[WhiteElo "2367"]
[BlackElo "2474"]
[PlyCount "96"]
[EventDate "2021.06.01"]
[EventType "swiss (blitz)"]
[EventRounds "11"]
[EventCountry "USA"]
[SourceTitle "CBM 202 Extra"]
[Source "ChessBase"]
[SourceDate "2021.07.31"]
[SourceVersion "1"]
[SourceVersionDate "2021.07.31"]
[SourceQuality "1"]

1. e4 c6 2. c4 d5 3. exd5 cxd5 4. cxd5 Nf6 5. Nc3 Nxd5 6. Nf3 Nc6 7. Bb5 Nxc3 8. bxc3 g6 9. 0-0 Bg7 10. d4 0-0 11. h3 Bd7 12. Bd3 Rc8 13. Re1 Re8 14. Bg5 Qa5 15. Bd2 Qc7 16. Rc1 b6 17. Bg5 e5 18. d5 Na5 19. c4 Nb7 20. Bf1 f5 21. Qd2 f4 22. Qc2 Qd6 23. Nd2 Nc5 24. f3 b5 25. Bh4 bxc4 26. Bxc4 Ba4 27. Qb1 h6 28. Bf2 Rb8 29. Ne4 Nxe4 30. Qxe4 Bd7 31. Qe2 Qa3 32. Bd3 Kh7 33. Rc7 Rb2 34. Qd1 Qd6 35. Rxa7 Rxf2 36. Rxd7 Rxg2+ 37. Kxg2 Qxd7 38. Qc2 Qd6 39. Be4 Qf6 40. Qc6 Qg5+ 41. Kh1 Qg3 42. Re2 Qxh3+ 43. Kg1 Qg3+ 44. Rg2 Qe1+ 45. Kh2 Qh4+ 46. Kg1 Qe1+ 47. Kh2 Qh4+ 48. Kg1 Qe1+ 1/2-1/2

[Event "Titled Tuesday intern op 01st June"]
[Site "Chess.com INT"]
[Date "2021.06.01"]
[Round "8"]
[White "Viswanadha, Kesav"]
[Black "Weetik, Vjacheslav"]
[Result "0-1"]
[WhiteElo "2367"]
[BlackElo "2423"]
[PlyCount "88"]
[EventDate "2021.06.01"]
[EventType "swiss (blitz)"]
[EventRounds "11"]
[EventCountry "USA"]
[SourceTitle "CBM 202 Extra"]
[Source "ChessBase"]
[SourceDate "2021.07.31"]
[SourceVersion "1"]
[SourceVersionDate "2021.07.31"]
[SourceQuality "1"]

1. e4 c6 2. c4 e5 3. Nf3 d6 4. d4 Nd7 5. Nc3 Ngf6 6. h3 Be7 7. Be3 0-0 8. g4 a6 9. g5 Ne8 10. h4 b5 11. Qd2 Nc7 12. d5 cxd5 13. cxd5 b4 14. Ne2 a5 15. Ng3 Re8 16. h5 Nf8 17. Bh3 Bxh3 18. Rxh3 Qd7 19. Nf5 g6 20. Nh6+ Kg7 21. Rh2 Rec8 22. Ng1 Nb5 23. Ne2 Rc4 24. Ng3 Nd4 25. Bxd4 Rxd4 26. Ngf5+ gxf5 27. Nxf5+ Kg8 28. Nxd4 exd4 29. 0-0-0 b3 30. axb3 a4 31. b4 a3 32. Kb1 axb2 33. Qxb2 Qa4 34. Rxd4 Nd7 35. f4 Nb6 36. h6 Bf8 37. Rc2 Qb5 38. Rd1 Nc4 39. Qb3 Na3+ 40. Kb2 Nxc2 41. Kxc2 Qe2+ 42. Rd2 Qxe4+ 43. Qd3 Qxf4 44. Qc3 Ra2+ 0-1

[Event "Southwest Class-ch 8th"]
[Site "Fort Worth"]
[Date "2017.02.17"]
[Round "3"]
[White "Nakar, Eylon"]
[Black "Viswanadha, Kesav"]
[Result "1/2-1/2"]
[WhiteElo "2478"]
[BlackElo "2372"]
[PlyCount "113"]
[EventDate "2017.02.16"]
[EventType "swiss"]
[EventRounds "9"]
[EventCountry "USA"]
[SourceTitle "EXT 2018"]
[Source "ChessBase"]
[SourceDate "2017.10.13"]
[SourceVersion "1"]
[SourceVersionDate "2017.10.13"]
[SourceQuality "1"]

1. e4 e5 2. Nf3 Nc6 3. Bb5 a6 4. Ba4 Nf6 5. 0-0 Be7 6. d3 b5 7. Bb3 d6 8. a3 0-0 9. Nc3 Na5 10. Ba2 Be6 11. b4 Bxa2 12. Rxa2 Nc6 13. Bg5 Qd7 14. Bxf6 Bxf6 15. Nd5 Bd8 16. a4 Ne7 17. Ne3 Rb8 18. axb5 axb5 19. c3 Qe6 20. Ra6 c6 21. Re1 Bb6 22. d4 Rfd8 23. Qc2 Ng6 24. g3 Qf6 25. Kg2 Re8 26. h4 Qe6 27. Ng5 Qd7 28. Rd1 h6 29. Nf3 Qe6 30. Nf5 Ne7 31. d5 cxd5 32. Nxe7+ Qxe7 33. Rxd5 Qb7 34. Ra1 Qc6 35. Qd3 Bc7 36. h5 Ra8 37. Rc1 f5 38. Nd2 fxe4 39. Nxe4 Reb8 40. c4 Ra4 41. Rc3 Rxb4 42. cxb5 Qb7 43. Rc6 Rf8 44. Qc2 Bb8 45. Nxd6 Bxd6 46. Rdxd6 Rxb5 47. Qc4+ Qf7 48. Qxf7+ Rxf7 49. Rd8+ Rf8 50. Rxf8+ Kxf8 51. Kf3 e4+ 52. Kxe4 Rxh5 53. Rc7 Rg5 54. Kf4 Kg8 55. g4 Ra5 56. Kg3 h5 57. gxh5 1/2-1/2

[Event "US Masters op"]
[Site "Greensboro"]
[Date "2016.08.25"]
[Round "1"]
[White "Fischer, Robert"]
[Black "Viswanadha, Kesav"]
[Result "0-1"]
[WhiteElo "1968"]
[BlackElo "2364"]
[PlyCount "44"]
[EventDate "2016.08.25"]
[EventType "swiss"]
[EventRounds "9"]
[EventCountry "USA"]
[SourceTitle "CBM 174 Extra"]
[Source "ChessBase"]
[SourceDate "2016.10.10"]
[SourceVersion "1"]
[SourceVersionDate "2016.10.10"]
[SourceQuality "1"]

1. Nf3 Nf6 2. c4 e6 3. g3 d5 4. Bg2 dxc4 5. Qa4+ Nbd7 6. Qxc4 a6 7. d4 b5 8. Qc6 Rb8 9. 0-0 Bb7 10. Qc2 c5 11. dxc5 Bxc5 12. Nbd2 Rc8 13. Qb1 Qb6 14. Ne1 Bxf2+ 15. Rxf2 Ng4 16. Nd3 Nde5 17. e3 Rxc1+ 18. Nxc1 Qxe3 19. Ne4 Nxf2 20. Nxf2 Qe1+ 21. Bf1 Nf3+ 22. Kg2 Nd2+ 0-1

[Event "Philadelphia int op 10th"]
[Site "Philadelphia"]
[Date "2016.07.09"]
[Round "8"]
[White "Proleiko, Julian"]
[Black "Viswanadha, Kesav"]
[Result "0-1"]
[WhiteElo "2100"]
[BlackElo "2357"]
[PlyCount "74"]
[EventDate "2016.07.05"]
[EventType "swiss"]
[EventRounds "9"]
[EventCountry "USA"]
[SourceTitle "CBM 173 Extra"]
[Source "ChessBase"]
[SourceDate "2016.08.29"]
[SourceVersion "1"]
[SourceVersionDate "2016.08.29"]
[SourceQuality "1"]

1. d4 Nf6 2. c4 e6 3. Nf3 b6 4. g3 Ba6 5. Qc2 Bb7 6. Bg2 c5 7. d5 exd5 8. cxd5 Nxd5 9. 0-0 Be7 10. Rd1 Nc6 11. Qa4 Nf6 12. Nc3 0-0 13. Nh4 d5 14. Nxd5 Nxd5 15. Bxd5 Qc8 16. Be3 Bf6 17. Rab1 Bd4 18. Bf4 Rd8 19. Qc4 Qd7 20. Bg2 Na5 21. Qc2 Bxg2 22. Kxg2 Qd5+ 23. e4 Qxa2 24. Nf5 Nc6 25. Qe2 Qe6 26. b4 cxb4 27. Bg5 Bf6 28. Bxf6 Qxf6 29. Qb5 Ne7 30. Nxe7+ Qxe7 31. Rxd8+ Rxd8 32. Rxb4 h6 33. Ra4 Rd2 34. Qf5 Qd7 35. Qxd7 Rxd7 36. Kf3 a5 37. e5 Ra7 0-1

[Event "Philadelphia int op 10th"]
[Site "Philadelphia"]
[Date "2016.07.06"]
[Round "2"]
[White "Antal, Gergely"]
[Black "Viswanadha, Kesav"]
[Result "1/2-1/2"]
[WhiteElo "2545"]
[BlackElo "2357"]
[PlyCount "119"]
[EventDate "2016.07.05"]
[EventType "swiss"]
[EventRounds "9"]
[EventCountry "USA"]
[SourceTitle "CBM 173 Extra"]
[Source "ChessBase"]
[SourceDate "2016.08.29"]
[SourceVersion "1"]
[SourceVersionDate "2016.08.29"]
[SourceQuality "1"]

1. e4 e5 2. Nc3 Nf6 3. g3 d5 4. exd5 Nxd5 5. Bg2 Nxc3 6. bxc3 Bd6 7. Nf3 0-0 8. 0-0 Nc6 9. d4 Qf6 10. Rb1 Rb8 11. Be3 exd4 12. cxd4 h6 13. h3 Na5 14. Nd2 Bf5 15. g4 Bh7 16. Rb5 b6 17. Be4 Qe6 18. Bxh7+ Kxh7 19. c4 c6 20. Qc2+ Kg8 21. Rh5 Rfe8 22. d5 cxd5 23. Rxd5 Rbc8 24. Qd3 Bb4 25. Rc1 Nc6 26. Nf3 Bf8 27. a3 Qe4 28. Qxe4 Rxe4 29. Nd2 Re5 30. a4 Rxd5 31. cxd5 Ne7 32. Rxc8 Nxc8 33. Nc4 Bd6 34. Kg2 Kf8 35. Kf3 Ke7 36. Bd4 f6 37. Ke4 Kd7 38. h4 Bc7 39. h5 a6 40. Kd3 Ne7 41. Ke4 Nc8 42. Ne3 Nd6+ 43. Kd3 b5 44. axb5 axb5 45. Bc5 Nf7 46. Bf8 Bb6 47. f4 Bc7 48. Ke4 Nd6+ 49. Bxd6 Bxd6 50. Nf5 Bf8 51. Nd4 b4 52. Ne6 Bd6 53. Kd3 Ke7 54. f5 Bg3 55. Nc5 Be1 56. Kc4 Kd6 57. Nb7+ Kc7 58. Nc5 Kd6 59. Nb7+ Kc7 60. Nc5 1/2-1/2

[Event "Philadelphia int op 10th"]
[Site "Philadelphia"]
[Date "2016.07.06"]
[Round "3"]
[White "Viswanadha, Kesav"]
[Black "Papp, Gabor"]
[Result "0-1"]
[WhiteElo "2357"]
[BlackElo "2584"]
[PlyCount "48"]
[EventDate "2016.07.05"]
[EventType "swiss"]
[EventRounds "9"]
[EventCountry "USA"]
[SourceTitle "CBM 173 Extra"]
[Source "ChessBase"]
[SourceDate "2016.08.29"]
[SourceVersion "1"]
[SourceVersionDate "2016.08.29"]
[SourceQuality "1"]

1. d4 Nf6 2. c4 g6 3. Nc3 c5 4. d5 Bg7 5. e4 0-0 6. Be3 d6 7. Be2 e6 8. Nf3 exd5 9. exd5 Bf5 10. Nd2 Qb6 11. Qc1 Nbd7 12. 0-0 Ne5 13. h3 Rae8 14. a3 Nd3 15. Bxd3 Bxd3 16. Re1 Nd7 17. b4 f5 18. g3 Qd8 19. Qb2 g5 20. Nb3 Ne5 21. bxc5 f4 22. Bd2 fxg3 23. fxg3 Qf6 24. Be3 Nf3+ 0-1

[Event "Pan American-ch U20"]
[Site "Guatape"]
[Date "2016.06.24"]
[Round "8"]
[White "Cori Quispe, Kevin Joel"]
[Black "Viswanadha, Kesav"]
[Result "1-0"]
[WhiteElo "2353"]
[BlackElo "2377"]
[PlyCount "57"]
[EventDate "2016.06.20"]
[EventType "swiss"]
[EventRounds "9"]
[EventCountry "COL"]
[SourceTitle "EXT 2017"]
[Source "ChessBase"]
[SourceDate "2016.10.25"]
[SourceVersion "1"]
[SourceVersionDate "2016.10.25"]
[SourceQuality "1"]

1. e4 e5 2. Nf3 Nc6 3. Bc4 Nf6 4. d3 Bc5 5. c3 d6 6. 0-0 a6 7. Bb3 Ba7 8. Nbd2 h6 9. h3 g5 10. Nh2 g4 11. hxg4 Rg8 12. Qf3 Qe7 13. Nc4 Bxg4 14. Nxg4 Nxg4 15. Ne3 Bxe3 16. fxe3 Rg7 17. Qh3 Qg5 18. Bd2 Nd8 19. Rf5 Qg6 20. Raf1 Ne6 21. R1f3 0-0-0 22. Rg3 Rdg8 23. Be1 h5 24. Rxh5 Qf6 25. Rf5 Qd8 26. Rxf7 Rh8 27. Bxe6+ Kb8 28. Rxg7 Rxh3 29. Rg8 1-0

[Event "North American op 25th"]
[Site "Las Vegas"]
[Date "2015.12.28"]
[Round "6"]
[White "Viswanadha, Kesav"]
[Black "Moon, Benjamin"]
[Result "1/2-1/2"]
[WhiteElo "2366"]
[BlackElo "2164"]
[PlyCount "121"]
[EventDate "2015.12.26"]
[EventType "swiss"]
[EventRounds "9"]
[EventCountry "USA"]
[SourceTitle "CBM 170 Extra"]
[Source "ChessBase"]
[SourceDate "2016.02.25"]
[SourceVersion "1"]
[SourceVersionDate "2016.02.25"]
[SourceQuality "1"]

1. e4 d5 2. exd5 Qxd5 3. Nc3 Qd8 4. d4 Nf6 5. Nf3 Bg4 6. h3 Bxf3 7. Qxf3 c6 8. Be3 e6 9. 0-0-0 Bb4 10. Ne4 Nxe4 11. Qxe4 Qd5 12. Qxd5 cxd5 13. Bd3 Nc6 14. g4 g6 15. c3 Bd6 16. h4 h5 17. gxh5 Rxh5 18. Be2 Rh7 19. h5 gxh5 20. Rxh5 Rxh5 21. Bxh5 Ke7 22. Bf3 Rh8 23. Rg1 b5 24. b3 Nb8 25. Kd2 Nd7 26. Be2 a6 27. Bd3 Nb6 28. Ke2 Kf8 29. Bg5 f5 30. Bd8 Nd7 31. c4 bxc4 32. bxc4 dxc4 33. Bxc4 Kf7 34. Ba5 Rb8 35. Bb3 Bb4 36. Bc7 Rc8 37. Bf4 Nf6 38. Rg5 a5 39. Be5 Be7 40. f3 Nd5 41. Rg7+ Kf8 42. Rh7 Rd8 43. Kf2 Nf6 44. Rh1 Kf7 45. Rc1 Nd5 46. Rc6 Ra8 47. Bxd5 exd5 48. Kg3 Rg8+ 49. Kf4 Rg6 50. Rc8 Ke6 51. Rc6+ Kf7 52. Rxg6 Kxg6 53. Bc7 Bf6 54. Bxa5 Bxd4 55. Bd2 Kf6 56. a4 Ke6 57. a5 Ba7 58. Kg5 d4 59. f4 d3 60. a6 Bb6 61. Kg6 1/2-1/2

[Event "Kitchener CAN Masters"]
[Site "Kitchener"]
[Date "2015.07.31"]
[Round "1"]
[White "Sambuev, Bator"]
[Black "Viswanadha, Kesav"]
[Result "1-0"]
[WhiteElo "2532"]
[BlackElo "2367"]
[PlyCount "261"]
[EventDate "2015.07.31"]
[EventType "schev"]
[EventRounds "10"]
[EventCountry "CAN"]
[SourceTitle "EXT 2016"]
[Source "ChessBase"]
[SourceDate "2015.10.08"]
[SourceVersion "1"]
[SourceVersionDate "2015.10.08"]
[SourceQuality "1"]
[WhiteTeam "Team 1"]
[BlackTeam "Team 2"]
[WhiteTeamCountry "CAN"]
[BlackTeamCountry "CAN"]

1. d4 Nf6 2. Nf3 e6 3. e3 b6 4. Bd3 Bb7 5. 0-0 d5 6. b3 Bd6 7. Bb2 0-0 8. c4 Nbd7 9. Nc3 a6 10. a3 c5 11. cxd5 exd5 12. Bf5 Qe7 13. dxc5 bxc5 14. Rc1 Ne5 15. Na4 Nxf3+ 16. Qxf3 d4 17. Qh3 g6 18. exd4 cxd4 19. Rfe1 Qd8 20. Bd3 Nh5 21. Be4 Bxe4 22. Rxe4 Re8 23. Qd3 Rxe4 24. Qxe4 Nf4 25. Bxd4 Qe8 26. Qxe8+ Rxe8 27. Kf1 Bxa3 28. Rc4 Ne6 29. Bc3 Bf8 30. b4 Rb8 31. Ke2 Bg7 32. Bd2 Kf8 33. Be3 Ke8 34. g4 Rb5 35. Nc5 a5 36. Nxe6 fxe6 37. Rc8+ Kf7 38. Rc7+ Kg8 39. bxa5 Rxa5 40. Re7 Ra6 41. g5 Kf8 42. Bc5 Ra5 43. Rc7+ Kg8 44. Be3 Ra4 45. Kf3 Ra3 46. Re7 Ra6 47. h4 Bf8 48. Rd7 Bg7 49. Kg3 Ra4 50. Re7 Ra6 51. h5 gxh5 52. Kh4 Kf8 53. Rb7 Ra5 54. Kxh5 Rf5 55. Rc7 Rd5 56. Kg4 Rf5 57. Rb7 Rd5 58. Kf3 Rf5+ 59. Ke4 Re5+ 60. Kd3 Rd5+ 61. Kc4 Rf5 62. Rd7 Ra5 63. Bc5+ Kg8 64. Kb4 Ra2 65. Be3 Rc2 66. Kb5 Kf8 67. Ra7 Rc8 68. Bc5+ Kg8 69. Rd7 Rb8+ 70. Bb6 Rc8 71. Re7 e5 72. Bc7 Rf8 73. Bb6 Rf5 74. Be3 Kf8 75. Rb7 Rf7 76. Rb8+ Ke7 77. Rb6 Rf5 78. Rb7+ Kf8 79. Kc6 Kg8 80. Kd5 Rf8 81. Bc5 Rc8 82. Rd7 Ra8 83. Ke6 Ra6+ 84. Bd6 Ra8 85. Rb7 Rc8 86. Ra7 e4 87. Ra4 Re8+ 88. Kd7 Kf7 89. f3 Rg8 90. fxe4 Kg6 91. Ra2 h6 92. gxh6 Kxh6 93. Ke6 Re8+ 94. Kf5 Kh7 95. Ra7 Kg8 96. e5 Bxe5 97. Bxe5 Rc8 98. Kg6 Kf8 99. Bd6+ Ke8 100. Kf6 Rc1 101. Ke6 Kd8 102. Ra8+ Rc8 103. Ra1 Rc2 104. Rh1 Kc8 105. Rb1 Kd8 106. Bf4 Rc6+ 107. Bd6 Rc2 108. Rb6 Rc1 109. Bf4 Rc2 110. Kd6 Ke8 111. Rb7 Rc3 112. Rh7 Kf8 113. Be5 Ra3 114. Ke6 Ra6+ 115. Bd6+ Kg8 116. Rd7 Ra2 117. Bc5 Ra6+ 118. Kf5 Rh6 119. Be3 Rh2 120. Rd8+ Kf7 121. Bg5 Rh1 122. Rd7+ Ke8 123. Re7+ Kf8 124. Kg6 Ra1 125. Re6 Ra8 126. Bf4 Rc8 127. Bd6+ Kg8 128. Re1 Ra8 129. Rc1 Re8 130. Be7 Rb8 131. Bf6 1-0

[Event "North American-ch U20"]
[Site "Kitchener"]
[Date "2015.07.29"]
[Round "7"]
[White "Viswanadha, Kesav"]
[Black "Bora, Safal"]
[Result "1-0"]
[WhiteElo "2367"]
[BlackElo "2406"]
[PlyCount "85"]
[EventDate "2015.07.26"]
[EventType "swiss"]
[EventRounds "9"]
[EventCountry "CAN"]
[SourceTitle "EXT 2019"]
[Source "ChessBase"]
[SourceDate "2018.10.10"]
[SourceVersion "1"]
[SourceVersionDate "2018.10.10"]
[SourceQuality "1"]

1. d4 Nf6 2. c4 g6 3. Nc3 d5 4. cxd5 Nxd5 5. e4 Nxc3 6. bxc3 Bg7 7. Be3 c5 8. Qd2 Qa5 9. Rc1 cxd4 10. cxd4 Qxd2+ 11. Bxd2 0-0 12. Nf3 Bg4 13. d5 e6 14. Bc4 exd5 15. Bxd5 Nc6 16. 0-0 Rac8 17. h3 Bd7 18. Rfd1 h6 19. Be3 Rfd8 20. Nh2 Be8 21. f4 b6 22. e5 Ne7 23. Rxc8 Rxc8 24. Bb3 Kf8 25. Bc1 b5 26. Ba3 a5 27. Bd6 a4 28. Bd5 Bd7 29. Bb4 Rc7 30. Ba5 Rc5 31. Bxf7 Kxf7 32. Rxd7 Rc1+ 33. Nf1 Ke8 34. e6 Rc8 35. Ng3 Bc3 36. Bxc3 Rxc3 37. Ne4 Rc6 38. Nd6+ Kf8 39. g4 b4 40. f5 gxf5 41. gxf5 Nd5 42. Ne4 Nc3 43. Nf6 1-0